[Event "TUR-chT Clubs"]
[Site "Konya"]
[Date "2019.07.20"]
[Round "8.7"]
[White "Oluc, Hakan"]
[Black "Demirbas, Fatih"]
[Result "1-0"]
[WhiteElo "1881"]
[BlackElo "1742"]
[PlyCount "105"]
[EventDate "2019.07.16"]
[EventType "team-swiss"]
[EventRounds "9"]
[EventCountry "TUR"]
[SourceTitle "CBM 191 Extra"]
[Source "ChessBase"]
[SourceDate "2019.09.30"]
[SourceVersion "1"]
[SourceVersionDate "2019.09.30"]
[SourceQuality "1"]
[WhiteTeam "Afyonkarahisar Basari"]
[BlackTeam "Trabzon Feda"]
[WhiteTeamCountry "TUR"]
[BlackTeamCountry "TUR"]

1. c4 Nf6 2. g3 e5 3. Bg2 d5 4. cxd5 Nxd5 5. Nc3 Nb6 6. Nf3 Nc6 7. 0-0 Be7 8. d3 0-0 9. a3 Be6 10. b4 a5 11. b5 Nd4 12. Rb1 f6 13. Nd2 Nd5 14. Na4 c6 15. bxc6 bxc6 16. e3 Nb5 17. Qc2 Ra6 18. Ne4 Bf7 19. Nec5 Ra7 20. Bb2 Nb6 21. Bxc6 Nxa4 22. Qxa4 Bxc5 23. Qxb5 Qd6 24. d4 exd4 25. Rfd1 Rc7 26. Bf3 Bxa3 27. Bxd4 Qe7 28. Qxa5 Bc5 29. Rbc1 Bd6 30. h4 Rxc1 31. Rxc1 Bb4 32. Qb6 Bd6 33. h5 Rb8 34. Qxb8+ Bxb8 35. Rc8+ Qf8 36. Rxf8+ Kxf8 37. h6 Bd6 38. Be4 Bg8 39. g4 Be5 40. Bc5+ Ke8 41. Bc6+ Kd8 42. hxg7 f5 43. Bf8 fxg4 44. e4 g3 45. fxg3 Kc7 46. Bd5 Bxg7 47. Bxg7 Bxd5 48. exd5 Kd6 49. Kf2 Kxd5 50. Kf3 Ke6 51. Kg4 Kf7 52. Bd4 Kg6 53. Be3 1-0

[Event "TUR-chT2"]
[Site "Konya"]
[Date "2018.07.15"]
[Round "9.5"]
[White "Demirbas, Fatih"]
[Black "Yilmaz, Nebil"]
[Result "1-0"]
[WhiteElo "1733"]
[BlackElo "1559"]
[PlyCount "65"]
[EventDate "2018.07.10"]
[EventType "team-swiss"]
[EventRounds "9"]
[EventCountry "TUR"]
[SourceTitle "EXT 2019"]
[Source "ChessBase"]
[SourceDate "2018.10.10"]
[SourceVersion "1"]
[SourceVersionDate "2018.10.10"]
[SourceQuality "1"]
[WhiteTeam "Trabzon Feda"]
[BlackTeam "Duzce Duzcespor"]
[WhiteTeamCountry "TUR"]
[BlackTeamCountry "TUR"]

1. e4 e6 2. d4 d5 3. Nd2 dxe4 4. Nxe4 Nd7 5. Nf3 Ngf6 6. Nxf6+ Nxf6 7. Bd3 b6 8. 0-0 Be7 9. Bb5+ Bd7 10. Bd3 0-0 11. Ne5 c5 12. Nxd7 Nxd7 13. Be4 Rc8 14. Be3 Nf6 15. Bf3 Qc7 16. c3 Rfd8 17. Qe2 Nd5 18. Rad1 Nxe3 19. fxe3 cxd4 20. exd4 Bf6 21. Be4 Qe7 22. Rf3 e5 23. Rdf1 exd4 24. Rxf6 gxf6 25. Qg4+ Kf8 26. cxd4 Qe6 27. Qh4 Rxd4 28. Qh6+ Ke7 29. Bf5 Rh4 30. Qxh4 Qe3+ 31. Qf2 Qxf2+ 32. Kxf2 h6 33. Bxc8 1-0

[Event "TUR-chT2"]
[Site "Konya"]
[Date "2017.07.09"]
[Round "1.18"]
[White "Tabak, Orcun Semi"]
[Black "Demirbas, Fatih"]
[Result "0-1"]
[WhiteElo "1701"]
[BlackElo "1782"]
[PlyCount "122"]
[EventDate "2017.07.09"]
[EventType "team-swiss"]
[EventRounds "9"]
[EventCountry "TUR"]
[SourceTitle "CBM 179 Extra"]
[Source "ChessBase"]
[SourceDate "2017.08.23"]
[SourceVersion "1"]
[SourceVersionDate "2017.08.23"]
[SourceQuality "1"]
[WhiteTeam "Altin Piyon"]
[BlackTeam "Trabzon Feda"]
[WhiteTeamCountry "TUR"]
[BlackTeamCountry "TUR"]

1. d4 f5 2. c4 Nf6 3. Nc3 g6 4. Bg5 Bg7 5. h4 h6 6. Bf4 0-0 7. Nf3 d6 8. e3 Qe8 9. Nb5 Na6 10. Qb3 Kh7 11. a3 Nh5 12. Bh2 e5 13. 0-0-0 Qe7 14. Be2 Bf6 15. g3 Ng7 16. Qc2 Bd7 17. Nc3 c6 18. Rhf1 Rac8 19. Kb1 b5 20. dxe5 dxe5 21. Qd2 Rfd8 22. cxb5 Be6 23. Qc1 Nc5 24. Rxd8 Qxd8 25. Rd1 Qe7 26. bxc6 Nb3 27. Qc2 Rxc6 28. Nd2 Qb7 29. Bb5 Nxd2+ 30. Qxd2 Rxc3 31. Qxc3 Qxb5 32. Qd3 Bc4 33. Qd6 Ne8 34. Qd7+ Bg7 35. Qxb5 Bxb5 36. b3 e4 37. Rd5 Bd3+ 38. Ka2 Nf6 39. Rd6 Ng4 40. Bg1 a6 41. Rd7 Bb5 42. Rb7 Kg8 43. a4 Bd3 44. b4 Ne5 45. b5 Nf3 46. b6 Bc4+ 47. Kb1 Be5 48. Re7 Kf8 49. Ra7 Nxg1 50. b7 Nh3 51. Ra8+ Ke7 52. Ra7 Kd8 53. Ra8+ Kd7 54. b8Q Bxb8 55. Rxb8 Nxf2 56. Rb6 h5 57. Kc2 Ng4 58. Rxg6 Nxe3+ 59. Kd2 Nd5 60. Rh6 e3+ 61. Ke1 Nb4 0-1

[Event "Kemer Turkey Cup"]
[Site "Kemer"]
[Date "2014.02.05"]
[Round "6"]
[White "Baltaci, Ismail Tarik"]
[Black "Demirbas, Fatih"]
[Result "0-1"]
[WhiteElo "1688"]
[BlackElo "1825"]
[PlyCount "62"]
[EventDate "2014.02.01"]
[EventType "swiss"]
[EventRounds "9"]
[EventCountry "TUR"]
[SourceTitle "CBM 158 Extra"]
[Source "ChessBase"]
[SourceDate "2014.02.28"]
[SourceVersion "1"]
[SourceVersionDate "2014.02.28"]
[SourceQuality "1"]

1. e4 d6 2. d4 Nf6 3. Nc3 e5 4. dxe5 dxe5 5. Qxd8+ Kxd8 6. Nf3 Bd6 7. Bc4 Be6 8. Bxe6 fxe6 9. Bg5 Nbd7 10. 0-0-0 Ke7 11. Bh4 h6 12. Bg3 g5 13. Nd2 Bb4 14. Nc4 Bxc3 15. bxc3 Nxe4 16. Nxe5 Nxe5 17. Bxe5 Nxf2 18. Rhf1 Nxd1 19. Bf6+ Kd7 20. Bxh8 Rxh8 21. Rf7+ Kd6 22. Kxd1 e5 23. Ke2 Re8 24. Ke3 Re7 25. Rf6+ Re6 26. Rf7 b5 27. Ke4 a5 28. g4 a4 29. a3 c6 30. Kf5 e4 31. Rf8 Ke7 0-1

[Event "Kemer Turkey Cup"]
[Site "Kemer"]
[Date "2014.02.02"]
[Round "2"]
[White "Bakan, Erkan"]
[Black "Demirbas, Fatih"]
[Result "0-1"]
[WhiteElo "1611"]
[BlackElo "1825"]
[PlyCount "80"]
[EventDate "2014.02.01"]
[EventType "swiss"]
[EventRounds "9"]
[EventCountry "TUR"]
[SourceTitle "CBM 158 Extra"]
[Source "ChessBase"]
[SourceDate "2014.02.28"]
[SourceVersion "1"]
[SourceVersionDate "2014.02.28"]
[SourceQuality "1"]

1. e4 c5 2. d3 e6 3. Nd2 d5 4. Ngf3 Nc6 5. g3 dxe4 6. dxe4 Nf6 7. c3 Be7 8. Qc2 Qc7 9. Nc4 b5 10. Ne3 a6 11. Bg2 Bb7 12. 0-0 0-0 13. Ng5 h6 14. Nh3 c4 15. Qe2 Ne5 16. Nc2 Rad8 17. Bf4 Bd6 18. Bxe5 Bxe5 19. Kh1 Bd6 20. f4 Bc5 21. Nf2 Rd7 22. Ng4 Nxg4 23. Qxg4 Rd2 24. Rac1 Rxg2 25. Kxg2 Bxe4+ 26. Rf3 Rd8 27. Nd4 Bxd4 28. cxd4 Rxd4 29. Kg1 Qc5 30. Rf2 Rd2 31. Rcf1 Rxb2 32. f5 exf5 33. Qf4 g5 34. Qb8+ Kg7 35. Qe8 Rxa2 36. g4 Bc6 37. Qc8 f4 38. h4 c3 39. hxg5 hxg5 40. Qd8 Rxf2 0-1

[Event "Troya op 21st"]
[Site "Canakkale"]
[Date "2013.08.23"]
[Round "8"]
[White "Buker, Muhittin"]
[Black "Demirbas, Fatih"]
[Result "0-1"]
[WhiteElo "2100"]
[BlackElo "1780"]
[PlyCount "60"]
[EventDate "2013.08.17"]
[EventType "swiss"]
[EventRounds "9"]
[EventCountry "TUR"]
[SourceTitle "CBM 156 Extra"]
[Source "ChessBase"]
[SourceDate "2013.10.22"]
[SourceVersion "1"]
[SourceVersionDate "2013.10.22"]
[SourceQuality "1"]

1. d4 Nf6 2. c4 e5 3. d5 Bc5 4. e3 d6 5. Nc3 a5 6. Bd3 0-0 7. Nf3 Qe7 8. Qc2 h6 9. Bd2 Re8 10. Ne4 Nxe4 11. Bxe4 Nd7 12. Bc3 Nf6 13. Bf5 e4 14. Bxf6 Qxf6 15. Bxe4 Rxe4 16. Qxe4 Bf5 17. Qf4 g5 18. Qg3 Bb4+ 19. Kf1 Qxb2 20. Re1 Bd3+ 21. Kg1 Bxe1 22. h4 Qe2 23. Nxe1 Qxe1+ 24. Kh2 Qe2 25. f4 Re8 26. hxg5 Qxe3 27. Qg4 hxg5 28. Qxg5+ Bg6 29. Qh6 Qf2 30. Rc1 Re4 0-1

[Event "TUR-ch"]
[Site "Antalya"]
[Date "2013.02.07"]
[Round "8"]
[White "Yassibag, Ipek Asli"]
[Black "Demirbas, Fatih"]
[Result "0-1"]
[WhiteElo "1430"]
[BlackElo "1740"]
[PlyCount "114"]
[EventDate "2013.02.02"]
[EventType "swiss"]
[EventRounds "11"]
[EventCountry "TUR"]
[SourceTitle "CBM 152 Extra"]
[Source "ChessBase"]
[SourceDate "2013.02.25"]
[SourceVersion "1"]
[SourceVersionDate "2013.02.25"]
[SourceQuality "1"]

1. e4 g6 2. d4 d6 3. Nf3 Bg7 4. c4 Nf6 5. Nc3 0-0 6. Be2 c5 7. dxc5 dxc5 8. Be3 b6 9. h3 Nc6 10. 0-0 Bb7 11. Qc1 a6 12. Bh6 Nd4 13. Nxd4 cxd4 14. Bxg7 Kxg7 15. Rd1 Nxe4 16. Nxe4 Bxe4 17. Qf4 Bf5 18. Rxd4 Qb8 19. Qxb8 Raxb8 20. Rad1 Rbc8 21. Bg4 Bxg4 22. Rxg4 Rc7 23. b3 f5 24. Rgd4 Rf6 25. Kf1 a5 26. Rd7 Rxd7 27. Rxd7 Kf7 28. Rb7 Re6 29. Rd7 Ke8 30. Rd5 Rc6 31. f4 e6 32. Re5 Ke7 33. Ke2 Kd6 34. Kd3 Rc5 35. Rxc5 bxc5 36. h4 e5 37. g3 e4+ 38. Ke3 Kc6 39. a4 Kd6 40. Ke2 Ke6 41. Ke3 Kf6 42. Ke2 Kg7 43. h5 gxh5 44. Kf2 Kg6 45. Kg2 h4 46. gxh4 Kh5 47. Kg3 h6 48. Kh3 e3 49. Kg3 e2 50. Kf2 Kg4 51. Kxe2 Kxf4 52. Kd3 Kg3 53. b4 f4 54. Ke2 Kg2 55. Kd2 f3 56. bxa5 f2 57. a6 f1Q 0-1

[Event "TUR-ch"]
[Site "Antalya"]
[Date "2013.02.04"]
[Round "4"]
[White "Avci, Adem"]
[Black "Demirbas, Fatih"]
[Result "1-0"]
[WhiteElo "1908"]
[BlackElo "1740"]
[PlyCount "83"]
[EventDate "2013.02.02"]
[EventType "swiss"]
[EventRounds "11"]
[EventCountry "TUR"]
[SourceTitle "CBM 152 Extra"]
[Source "ChessBase"]
[SourceDate "2013.02.25"]
[SourceVersion "1"]
[SourceVersionDate "2013.02.25"]
[SourceQuality "1"]

1. d4 Nf6 2. Nf3 g6 3. Nc3 Bg7 4. e4 d6 5. h3 c6 6. Bd3 0-0 7. Bg5 h6 8. Be3 Re8 9. Qd2 h5 10. 0-0-0 b5 11. Bh6 Qa5 12. Bxg7 Kxg7 13. e5 Nd5 14. Nxd5 Qxa2 15. Nc3 Qa1+ 16. Nb1 Be6 17. Qc3 Nd7 18. Qa3 Qxa3 19. bxa3 a5 20. Rhe1 b4 21. Ng5 Ba2 22. e6 fxe6 23. Nxe6+ Bxe6 24. Rxe6 Nf6 25. g4 hxg4 26. hxg4 g5 27. Rde1 Ra7 28. a4 Kf8 29. Nd2 Nd5 30. Ne4 Rb8 31. Rh1 Nf4 32. Reh6 Nxd3+ 33. cxd3 Rab7 34. Rh8+ Kg7 35. R1h7+ Kg6 36. Rxb8 Rxb8 37. Rxe7 Rd8 38. Re6+ Kf7 39. Nxg5+ Kg7 40. f4 c5 41. f5 cxd4 42. Rg6+ 1-0

[Event "World Amateur-ch"]
[Site "Antalya"]
[Date "2011.10.08"]
[Round "7"]
[White "Oney, Riza"]
[Black "Demirbas, Fatih"]
[Result "1/2-1/2"]
[WhiteElo "1919"]
[BlackElo "1735"]
[PlyCount "107"]
[EventDate "2011.10.01"]
[EventType "swiss"]
[EventRounds "9"]
[EventCountry "TUR"]
[SourceTitle "CBM 144 Extra"]
[Source "ChessBase"]
[SourceDate "2011.10.28"]
[SourceVersion "1"]
[SourceVersionDate "2011.10.28"]
[SourceQuality "1"]

1. c4 Nf6 2. Nc3 g6 3. e4 d6 4. d4 Bg7 5. f3 0-0 6. Be3 c6 7. Qd2 a5 8. Nge2 Na6 9. Rd1 Nc7 10. Nc1 Bd7 11. e5 Nfe8 12. Bh6 b5 13. h4 f6 14. cxb5 Nxb5 15. Nxb5 cxb5 16. Bd3 Qb6 17. Ne2 dxe5 18. dxe5 fxe5 19. Be4 Bc6 20. Bxg7 Nxg7 21. Bxc6 Qxc6 22. Qd5+ Qe6 23. Qxe6+ Nxe6 24. Rd5 b4 25. Rxe5 Kf7 26. Kf2 Rfd8 27. Rb1 Kf6 28. Re3 Rd2 29. Ke1 Rad8 30. a3 b3 31. Rc3 R8d5 32. Rc6 Ke5 33. Rxe6+ Kxe6 34. Nf4+ Ke5 35. Nxd5 Rxd5 36. Rc1 Kf4 37. Rc3 Rb5 38. Kf2 h5 39. Rc7 Ke5 40. Rxe7+ Kd6 41. Re3 a4 42. g4 hxg4 43. fxg4 Rc5 44. Re2 Kd5 45. Kf3 Kd4 46. Rd2+ Kc4 47. Ke4 Rc6 48. h5 Re6+ 49. Kf4 gxh5 50. gxh5 Rc6 51. Rd1 Rf6+ 52. Ke3 Rf5 53. Rh1 Rxh5 54. Rxh5 1/2-1/2